Tier Babys Bilder - Statistiken

Allgemein
  • Dieses Quiz wurde 52 mal gespielt
  • Das Durchschnittsergebnis liegt bei 11 aus 14
Antwortstatistiken
Bildquiz Antwort % Korrekt
Fohlen
95%
Küken
95%
Lamm
95%
Ferkel
93%
Kaulquappe
93%
Raupe
93%
Kalb
90%
Welpe
90%
Frischling
79%
Kitz
79%
Heuler
71%
Geißlein / Zicklein
62%
Kitten
52%
Entlein
19%
Keine übereinstimmenden Quizze gefunden
Verteilung der Resultate
Anzahl Personen mit jedem Resultat
Perzentil nach korrekt beantworteten Fragen
Ihre Resultats-Entwicklung
Sie haben dieses Quiz noch nicht gespielt